| 000 | 00711nam a2200229 a 4500 | ||
|---|---|---|---|
| 999 |
_c440 _d440 |
||
| 001 | 1879 | ||
| 003 | BD-DhUAP | ||
| 005 | 20200122124526.0 | ||
| 008 | 200122s1977 enk b 001 0 eng c | ||
| 020 | _a0855275707 | ||
| 040 |
_aMH _cMH _dBD-DhUAP _bEng |
||
| 082 |
_223 _a121 RUB |
||
| 100 | 1 | _aRuben, David-Hillel. | |
| 245 | 1 | 0 |
_aMarxism and materialism : _ba study in Marxist theory of knowledge / _cDavid-Hillel Ruben. |
| 260 |
_aSussex : _bHarvester Press, _cc1977. |
||
| 300 |
_ax, 199 pages ; _c23 cm. |
||
| 490 | _aMarxist theory and contemporary capitalism | ||
| 504 | _aIncludes bibliographies and indexes. | ||
| 650 | 0 | _aDialectical materialism. | |
| 650 | 0 | _aKnowledge, Theory of. | |
| 942 |
_2ddc _cBK |
||